Resident Evil 4 Part 2 - Statistics

General Stats
  • This quiz has been taken 68 times
  • The average score is 12 of 35
Answer Stats
Hint Answer % Correct
Does A Crow Drop A Hand Grenade Yes Or No? Yes
92%
Do You Start With A First Aid Spray? Yes
92%
The Object That You Use To Save The Game Typewriter
85%
The Weapon You Unlock By Completing The Game (Rapid Fire Handgun) Matilda
67%
How Many Free Rocket Launchers Exist In The Game? 1
60%
How Old Is Ramon Salazar? 20
58%
Which Grenade Is Useful For Stunning An El Gigante? Flash Grenade
57%
The Weapon You Unlock By Completing The Game (Boom) Infinite Rocket Launcher
55%
Leon's Starting Weapon Handgun
53%
The Weapon You Unlock By Earning Five Stars For Each Character On Each Level Within The Mercenaries Handcannon
50%
The Weapon You Unlock By Completing Assignment Ada Chicago Typewriter
48%
Which Grenade Sets Enemies On Fire And What Bitorez Mendez hates? Incendiary Grenade
42%
Which Weapon Does Albert Wesker Possess In The Mercenaries (Magnum) Killer7
42%
What Is The Term Given To A Grenade In This Game? Hand Grenade
40%
You Collect These By Completing The Shooting Range Bottle Caps
38%
Which Weapon Is Referred To As A Nice Gun By The Merchant? Red 9
38%
Which Game Follows This (Infamous For Sheva AI and Boulder Ownage) Resident Evil 5
38%
What Weapon Do You Use To Defeat The Del Lago? Harpoons
37%
Which Weapon Is Surprisingly Effective Against Regenerators? Knife
37%
Which Health Item Can Be Described As An Alternative Full Heal? First Aid Spray
25%
One Of The Most Popular Treasures (You insert cats eyes into it) Beerstein
23%
Which Boss Drops 50,000 Pesetas After It Dies? U3
23%
The Name Given To A Weapon That Can Be Fully Upgraded Exclusive
15%
Which Boss Drops The Serpent Plate? Jack Krauser
15%
How Does One Defeat Verdugo? Liquid Nitrogen
13%
Which Treasure Is Found On The Island? (Cat) Golden Lynx
12%
A Watch Brass Pocket Watch
10%
Which Weapon Does Krauser Use In The Mercenaries? Krauser's Bow
10%
Which Melee Attack Does Albert Wesker Use In The Mercenaries? Thrust Punch
7%
Which Herb Mix Is The Best? Green Red And Yellow
5%
A Treasure That You Collect And It Is Silver Pearl Pendant
5%
What Does Leon Scott Kennedy Call The Above? An Old Man
3%
Which Pendant Sells For 12,000 Pesetas? Illuminados Pendant
3%
Which Enemy Exists In The Island 2 Mercenaries Map Dr Salvador With Dual Chainsaws
2%
How Does One Normally Kill A Regenerator? Killing Plagas On Its Body
2%
No matching quizzes found
Score Distribution
Percent of People with Each Score
Percentile by Number Answered
Your Score History
You have not taken this quiz